000 00557nam a2200205 u 4500
001 000025476
005 20250612104112.0
008 100813s1982 dr c r 000 0 spa d
040 _aDO-SdBNP
_bspa
_cBNPHU
082 _a128.2
_bR724h
100 1 _aRogers, Alberto
_943478
245 1 0 _aHombre-cosmos /
_cAlberto Rogers.
260 _aSanto Domingo :
_bAmigo del hogar ,
_c1982.
300 _a236 p. ; :
_bcm.
650 0 _aMente y cuerpo
_92740
650 4 _aEspacio exterior
_925795
650 4 _aHombre
_935148
650 4 _aAlma
_9269
049 _aBNPD
999 _c24968
_d24968